<?xml version="1.0" encoding="UTF-8"?>
<record
    xmlns:xsi="http://www.w3.org/2001/XMLSchema-instance"
    xsi:schemaLocation="http://www.loc.gov/MARC21/slim http://www.loc.gov/standards/marcxml/schema/MARC21slim.xsd"
    xmlns="http://www.loc.gov/MARC21/slim">

  <leader>01809nam a22001697a 4500</leader>
  <datafield tag="999" ind1=" " ind2=" ">
    <subfield code="c">39283</subfield>
    <subfield code="d">39283</subfield>
  </datafield>
  <datafield tag="020" ind1=" " ind2=" ">
    <subfield code="a">9789353882952</subfield>
  </datafield>
  <datafield tag="082" ind1=" " ind2=" ">
    <subfield code="a">327.5</subfield>
    <subfield code="b">INA-</subfield>
  </datafield>
  <datafield tag="245" ind1=" " ind2=" ">
    <subfield code="a">India&#x2019;s Foreign Policy/</subfield>
    <subfield code="b"> Edited by Arvind Gupta, Anil  Wadhwa</subfield>
  </datafield>
  <datafield tag="260" ind1=" " ind2=" ">
    <subfield code="a">London</subfield>
    <subfield code="b">Sage Publication </subfield>
    <subfield code="c">2020</subfield>
  </datafield>
  <datafield tag="300" ind1=" " ind2=" ">
    <subfield code="a">440p.</subfield>
    <subfield code="b">Index</subfield>
  </datafield>
  <datafield tag="520" ind1=" " ind2=" ">
    <subfield code="a">India's foreign policy is characterized by its strategic pragmatism, based on its historical principles of non-alignment, sovereignty, and peaceful coexistence. The policy has evolved over time to reflect changing global dynamics, with an emphasis on maintaining national security, fostering economic growth, and asserting India's influence on the global stage.

India seeks to balance relations with major powers like the United States, Russia, and China, while prioritizing its regional interests, especially in South Asia. Its foreign policy also emphasizes multilateralism, with India being an active member of international organizations such as the United Nations, BRICS, and the G20. Additionally, India plays a significant role in global issues like climate change, development, and security, aiming for a more equitable global order.

India&#x2019;s foreign policy has adapted to new challenges, including terrorism, regional instability, and competition in the Indo-Pacific region. Its "Neighborhood First" policy aims to strengthen ties with neighboring countries, while its "Act East" policy focuses on enhancing relations with Southeast Asia and East Asia. Ultimately, India's foreign policy seeks to ensure national security, economic prosperity, and a stable global environment.



</subfield>
  </datafield>
  <datafield tag="650" ind1=" " ind2=" ">
    <subfield code="a">international relations</subfield>
    <subfield code="v">Pol Science</subfield>
    <subfield code="x">Policy</subfield>
    <subfield code="z">India</subfield>
  </datafield>
  <datafield tag="650" ind1=" " ind2=" ">
    <subfield code="a">Foreign policy</subfield>
    <subfield code="v">India 2050</subfield>
    <subfield code="x">India</subfield>
  </datafield>
  <datafield tag="700" ind1=" " ind2=" ">
    <subfield code="a">Gupta, Arvind</subfield>
    <subfield code="e">Editor.</subfield>
  </datafield>
  <datafield tag="700" ind1=" " ind2=" ">
    <subfield code="a">Wadhawa, Anil </subfield>
    <subfield code="e">Editor.</subfield>
  </datafield>
  <datafield tag="942" ind1=" " ind2=" ">
    <subfield code="2">ddc</subfield>
    <subfield code="c">BK</subfield>
  </datafield>
  <datafield tag="952" ind1=" " ind2=" ">
    <subfield code="0">0</subfield>
    <subfield code="1">0</subfield>
    <subfield code="4">0</subfield>
    <subfield code="7">0</subfield>
    <subfield code="a">NASSDOC</subfield>
    <subfield code="b">NASSDOC</subfield>
    <subfield code="d">2024-03-21</subfield>
    <subfield code="e">Overseas Press India Limited</subfield>
    <subfield code="g">1151.59</subfield>
    <subfield code="i">20-03-2024</subfield>
    <subfield code="l">0</subfield>
    <subfield code="o">327.5 INA-</subfield>
    <subfield code="p">54374</subfield>
    <subfield code="r">2024-05-24 00:00:00</subfield>
    <subfield code="v">1595.00</subfield>
    <subfield code="w">2024-05-24</subfield>
    <subfield code="y">BK</subfield>
  </datafield>
</record>
